The belle of the ball: banking on high returns, investors embrace hotels once again (Record no. 74834)

MARC details
000 -LEADER
fixed length control field 00828cab a2200241 4500
001 - CONTROL NUMBER
control field ABS68744
008 - FIXED-LENGTH DATA ELEMENTS--GENERAL INFORMATION
fixed length control field 050224n2005 000 0 eng u
035 ## - SYSTEM CONTROL NUMBER
System control number (Sirsi) u128877
100 ## - MAIN ENTRY--PERSONAL NAME
Personal name Parets, R
245 #4 - TITLE STATEMENT
Title The belle of the ball: banking on high returns, investors embrace hotels once again
260 ## - PUBLICATION, DISTRIBUTION, ETC.
Date of publication, distribution, etc. 2005
490 ## - SERIES STATEMENT
Series statement National Real Estate Investor
Volume/sequential designation 47(1) January 2005, 21-26(5)
520 ## - SUMMARY, ETC.
Summary, etc. Examines the state of the hotel investment market in the US, now that the effect of economic recession is fading and the repercussions of the attack on the World Trade Center are wearing off. Tables.
590 ## - LOCAL NOTE (RLIN)
Local note ABS
590 ## - LOCAL NOTE (RLIN)
Local note RKA
650 ## - SUBJECT ADDED ENTRY--TOPICAL TERM
Topical term or geographic name entry element REITS
650 ## - SUBJECT ADDED ENTRY--TOPICAL TERM
Topical term or geographic name entry element HOTELS
650 ## - SUBJECT ADDED ENTRY--TOPICAL TERM
Topical term or geographic name entry element UNITED STATES
650 ## - SUBJECT ADDED ENTRY--TOPICAL TERM
Topical term or geographic name entry element MARKET
650 ## - SUBJECT ADDED ENTRY--TOPICAL TERM
Topical term or geographic name entry element PROPERTY-COMMERCIAL PROPERTY
690 ## - LOCAL SUBJECT ADDED ENTRY--TOPICAL TERM (OCLC, RLIN)
Topical term or geographic name as entry element INVESTMENT
942 ## - ADDED ENTRY ELEMENTS (KOHA)
Suppress in OPAC 0
Holdings
Withdrawn status Lost status Source of classification or shelving scheme Damaged status Not for loan Home library Current library Shelving location Date acquired Total Checkouts Full call number Barcode Date last seen Copy number Price effective from Koha item type
    Dewey Decimal Classification     London London Journal article 24/02/2005   ABS68744 128877-1001 06/08/2019 1 06/08/2019 Journal article